<?xml version="1.0" encoding="UTF-8"?>
<record
    xmlns:xsi="http://www.w3.org/2001/XMLSchema-instance"
    xsi:schemaLocation="http://www.loc.gov/MARC21/slim http://www.loc.gov/standards/marcxml/schema/MARC21slim.xsd"
    xmlns="http://www.loc.gov/MARC21/slim">

  <leader>00470nam a22001697a 4500</leader>
  <controlfield tag="005">20240108113635.0</controlfield>
  <controlfield tag="008">190405b        xxu||||| |||| 00| 0 eng d</controlfield>
  <datafield tag="020" ind1=" " ind2=" ">
    <subfield code="a">978-81-85790-06-0</subfield>
  </datafield>
  <datafield tag="041" ind1=" " ind2=" ">
    <subfield code="a">eng</subfield>
  </datafield>
  <datafield tag="082" ind1=" " ind2=" ">
    <subfield code="a">615.19</subfield>
  </datafield>
  <datafield tag="100" ind1=" " ind2=" ">
    <subfield code="a">KULKARNI, DR. M.V. ,THONTE,S.S .,RATHOD,S.S AND GHIWARE,N.B</subfield>
    <subfield code="9">8286</subfield>
  </datafield>
  <datafield tag="245" ind1=" " ind2=" ">
    <subfield code="a">BIOCHEMISTRY: USEFUL FOR THE STUDENT OF PHARMACY</subfield>
  </datafield>
  <datafield tag="260" ind1=" " ind2=" ">
    <subfield code="a">PUNE</subfield>
    <subfield code="b">NIRALI PRAKASHAN</subfield>
    <subfield code="c">2018</subfield>
  </datafield>
  <datafield tag="300" ind1=" " ind2=" ">
    <subfield code="a">338p,</subfield>
  </datafield>
  <datafield tag="650" ind1=" " ind2=" ">
    <subfield code="a">PHARMACY</subfield>
  </datafield>
  <datafield tag="942" ind1=" " ind2=" ">
    <subfield code="c">BK</subfield>
  </datafield>
  <datafield tag="999" ind1=" " ind2=" ">
    <subfield code="c">5813</subfield>
    <subfield code="d">5811</subfield>
  </datafield>
  <datafield tag="952" ind1=" " ind2=" ">
    <subfield code="0">0</subfield>
    <subfield code="1">0</subfield>
    <subfield code="4">0</subfield>
    <subfield code="7">0</subfield>
    <subfield code="8">PHARMACY</subfield>
    <subfield code="a">JRU</subfield>
    <subfield code="b">JRU</subfield>
    <subfield code="c">SHELF-17-F</subfield>
    <subfield code="d">2019-04-05</subfield>
    <subfield code="e">PURCHESS</subfield>
    <subfield code="g">150.00</subfield>
    <subfield code="l">11</subfield>
    <subfield code="m">3</subfield>
    <subfield code="o">570</subfield>
    <subfield code="p">22620</subfield>
    <subfield code="r">2026-02-04 04:18:09</subfield>
    <subfield code="s">2026-01-27</subfield>
    <subfield code="w">2019-04-05</subfield>
    <subfield code="y">BK</subfield>
  </datafield>
  <datafield tag="952" ind1=" " ind2=" ">
    <subfield code="0">0</subfield>
    <subfield code="1">0</subfield>
    <subfield code="4">0</subfield>
    <subfield code="7">0</subfield>
    <subfield code="8">PHARMACY</subfield>
    <subfield code="a">JRU</subfield>
    <subfield code="b">JRU</subfield>
    <subfield code="c">SHELF-17-F</subfield>
    <subfield code="d">2019-04-05</subfield>
    <subfield code="e">PURCHESS</subfield>
    <subfield code="g">150.00</subfield>
    <subfield code="l">8</subfield>
    <subfield code="m">2</subfield>
    <subfield code="o">570</subfield>
    <subfield code="p">22621</subfield>
    <subfield code="r">2025-06-12 16:43:44</subfield>
    <subfield code="s">2025-05-16</subfield>
    <subfield code="w">2019-04-05</subfield>
    <subfield code="y">BK</subfield>
  </datafield>
  <datafield tag="952" ind1=" " ind2=" ">
    <subfield code="0">0</subfield>
    <subfield code="1">0</subfield>
    <subfield code="4">0</subfield>
    <subfield code="7">0</subfield>
    <subfield code="8">PHARMACY</subfield>
    <subfield code="a">JRU</subfield>
    <subfield code="b">JRU</subfield>
    <subfield code="c">SHELF-17-F</subfield>
    <subfield code="d">2019-04-05</subfield>
    <subfield code="e">PURCHESS</subfield>
    <subfield code="g">150.00</subfield>
    <subfield code="l">8</subfield>
    <subfield code="m">1</subfield>
    <subfield code="o">570</subfield>
    <subfield code="p">22622</subfield>
    <subfield code="r">2026-04-21 09:35:27</subfield>
    <subfield code="s">2026-04-06</subfield>
    <subfield code="w">2019-04-05</subfield>
    <subfield code="y">BK</subfield>
  </datafield>
</record>
